Organización de los consejos de curso y función del profesor jefe en los establecimientos de educación profesional

Saved in:
書目詳細資料
主要作者: Osses Concha, Darío (autor)
格式: 圖書
語言:西班牙语
出版: Santiago Universitaria 1962
主題:
標簽: 添加標簽
沒有標簽, 成為第一個標記此記錄!

MARC

LEADER 00000nam a2200000 a 4500
001 UCU0521
003 CL-VaPUC
008 960322e19620000CL |||||||||||||||||spa|d
082 0 4 |a 371.242  |b OSS  |2 21 
100 |a Osses Concha, Darío  |e autor  |9 355757 
245 1 0 |a Organización de los consejos de curso y función del profesor jefe en los establecimientos de educación profesional 
300 |a 112 p 
942 |c BK 
945 |d 19960322 00:00:00  |a lriquelm 
260 |a Santiago  |b Universitaria  |c 1962 
650 7 |a ORIENTACION EDUCACIONAL  |2 CL-VaPUC  |9 312512 
650 7 |a ORGANIZACIONES DE ESTUDIANTES  |2 CL-VaPUC  |9 341277 
650 7 |a PARTICIPACION DEL ALUMNO  |2 CL-VaPUC  |9 339407 
650 0 |a Rol del docente  |9 329733 
583 |a last modification  |c 19960322 00:00:00  |k Rodrigo Vera 
999 |c 245362  |d 245360 
952 |0 0  |1 0  |4 0  |6 371_242000000000000_OSS_1962  |7 0  |8 P  |9 259848  |a BIBEDU  |b BIBEDU  |c BIBEDU_PB  |d 2019-11-19  |i 1636146  |o 371.242 OSS 1962  |p 1636146  |r 2024-01-25  |w 2019-11-19  |y BK  |k EDU